Statystyki dla Klub Wybitnego Reprezentanta - Reprezentacja Polski

Kliknij tutaj aby rozwiązać quiz!

Ogólne statystyki

  • Ten quiz został rozwiązany 2 359 razy
  • Średni wynik to 16 z 42

Statystyki odpowiedzi

MiejsceReprezentantMeczeLata gry% Poprawnych
2.Robert Lewandowski104od 2008
100%
1.Jakub Błaszczykowski106od 2006
96%
17.Mariusz Lewandowski662002–2013
95%
10.Zbigniew Boniek801976–1988
89%
4.Grzegorz Lato1001971-1984
87%
5.Kazimierz Deyna971968-1978
85%
3.Michał Żewłakow1021999-2011
73%
25.Jerzy Dudek601998–2013
72%
25.Włodzimierz Smolarek601980–1992
68%
6.Jacek Krzynówek961998-2009
59%
11.Włodzimierz Lubański751963–1980
59%
20.Tomasz Hajto621996–2005
55%
23.Andrzej Szarmach611973–1982
53%
6.Jacek Bąk961993-2008
51%
13.Maciej Żurawski721998–2008
48%
40.Józef Młynarczyk421979–1986
36%
8.Władysław Żmuda911973-1986
33%
20.Robert Gadocha621967–1975
31%
32.Jerzy Gorgoń551970–1978
30%
25.Marcin Wasilewski602002–2013
29%
12.Tomasz Wałdoch741991–2002
28%
15.Roman Kosecki691988–1995
26%
23.Henryk Kasperczak611973–1978
24%
18.Dariusz Dudka652004–2012
23%
29.Lucjan Brychczy581954–1969
23%
15.Tomasz Kłos691998–2006
21%
25.Jacek Zieliński601995-2003
20%
14.Piotr Świerczewski701992–2003
20%
39.Gerard Cieślik451947–1958
19%
19.Dariusz Dziekanowski631981–1990
17%
34.Paweł Janas531976–1984
15%
9.Antoni Szymanowski821970–1980
13%
41.Stefan Majewski401978–1986
12%
36.Andrzej Buncol511980–1986
10%
31.Lesław Ćmikiewicz571970–1979
7%
29.Stanisław Oślizło581961–1971
6%
32.Waldemar Matysik551980–1989
5%
34.Marek Dziuba531977–1984
4%
20.Roman Wójcicki621978–1989
4%
42.Roman Korynt341952–1959
3%
38.Zygfryd Szołtysik461963–1972
3%
37.Zygmunt Anczok481965–1973
3%

Rozkład punktacji

Percentyl według liczby udzielonych odpowiedzi

Procent ludzi z każdym wynikiem

Twoja historia wyników

Nie rozwiązałeś tego quizu